Central Library OPAC University of Rajshahi

বাংলা ভাষার প্রধাবন / (Record no. 49324)

MARC details
000 -LEADER
fixed length control field 01009nam a2200241 a 4500
001 - CONTROL NUMBER
control field 49324
003 - CONTROL NUMBER IDENTIFIER
rucl marc code BD-RjUL
005 - DATE AND TIME OF LATEST TRANSACTION
control field 20211209054650.0
008 - FIXED-LENGTH DATA ELEMENTS--GENERAL INFORMATION
fixed length control field 160820s1957 ii 000 0 ben
020 ## - INTERNATIONAL STANDARD BOOK NUMBER
Terms of availability : IRs. 2.00
035 ## - SYSTEM CONTROL NUMBER
System control number (BD-RjUL) 49443
040 ## - CATALOGING SOURCE
Original cataloging agency BD-RjUL
Transcribing agency BD-RjUL
Modifying agency BD-RjUL
Language of cataloging ben
041 ## - LANGUAGE CODE
Language code of text/sound track or separate title ben
082 00 - DEWEY DECIMAL CLASSIFICATION NUMBER
Edition number 23
Classification number 491.4409
Author mark and year DUB 1957
100 1# - MAIN ENTRY--PERSONAL NAME
Personal name দত্ত, মহেন্দ্র নাথ
9 (RLIN) 219434
245 10 - TITLE STATEMENT
Title বাংলা ভাষার প্রধাবন /
Statement of responsibility, etc. মহেন্দ্র নাথ দত্ত
260 ## - PUBLICATION, DISTRIBUTION, ETC. (IMPRINT)
Place of publication, distribution, etc. কলিকাতা :
Name of publisher, distributor, etc. মহেন্দ্র পাবলিশিং কমিটি,,
Date of publication, distribution, etc. ১৯৫৭ (১৩৬৪)
300 ## - PHYSICAL DESCRIPTION
Pagination [৮], ১১০, [১০] পৃ. ;
Size ২২ সেমি.
500 ## - GENERAL NOTE
General note "নির্ঘন্ট সংযুক্ত"
650 ## - SUBJECT ADDED ENTRY--TOPICAL TERM
Topical term or geographic name as entry element বাংলা ভাষা
General subdivision ইতিহাস ও সমালোচনা
9 (RLIN) 219435
Topical term or geographic name as entry element Bengali literature
General subdivision History and Criticism
9 (RLIN) 219436
942 ## - ADDED ENTRY ELEMENTS (KOHA)
Source of classification or shelving scheme Dewey Decimal Classification
Koha item type Rare Books
Holdings
Lost status Source of classification or shelving scheme Damaged status Not for loan Collection code Permanent Location Current Location Shelving location Date acquired Source of acquisition Cost, normal purchase price Total Checkouts Full call number Date last seen Copy number Koha item type
  Dewey Decimal Classification   Not For Loan Rare Books Central Library, University of Rajshahi Central Library, University of Rajshahi Rare Book Section 15/04/1964 F.K. L. Mukhopadhya 2.00   BRA 491.4409 DUB 1957 23/11/2017 C-1 Rare Books